All Warzone Weapons - Statistics

General Stats
  • This quiz has been taken 230 times
  • The average score is 22 of 172
Answer Stats
Weapon Category Game Weapon Name % Correct
SMG MW MP5
67%
SMG CW MP5
67%
AR MW M4A1
54%
Marksman MW Kar98k
51%
Sniper VG Kar98k
51%
AR MW AK-47
49%
AR CW AK-47
49%
SMG MW MP7
41%
AR MW Kilo 141
39%
SMG VG MP-40
35%
AR MW M13
30%
Tactical Rifle CW M16
29%
SMG CW MAC-10
28%
AR CW XM4
28%
Sniper MW AX-50
26%
SMG MW AUG
24%
Tactical Rifle CW AUG
24%
SMG CW Bullfrog
24%
AR MW Grau 5.56
24%
Sniper MW HDR
24%
AR CW Krig 6
23%
Handgun MW 1911
21%
Handgun CW 1911
21%
Handgun VG 1911
21%
AR VG STG44
21%
SMG CW AK-74u
20%
AR MW Oden
20%
SMG CW PPSh-41
20%
SMG VG PPSh-41
20%
AR MW AS VAL
19%
AR MW FAL
19%
AR MW RAM-7
19%
SMG MW Uzi
19%
AR MW AN-94
18%
SMG MW Fennec
18%
AR MW FR 5.56
18%
Handgun MW M19
18%
SMG CW OTs 9
18%
SMG VG Owen Gun
18%
SMG MW P90
18%
Melee MW Knife
16%
Melee CW Knife
16%
Sniper CW Swiss K31
16%
AR MW CR-56 AMAX
15%
AR VG BAR
14%
Tactical Rifle CW DMR 14
14%
AR VG Cooper Carbine
13%
AR CW FFAR 1
13%
SMG CW LC10
13%
Handgun MW Renetti
13%
SMG VG Sten
13%
Shotgun CW Streetsweeper
13%
SMG VG Welgun
13%
Handgun MW X16
13%
LMG VG Bren
12%
LMG MW Bruen MK9
12%
Handgun CW Diamatti
12%
Shotgun MW JAK-12
12%
Handgun CW Magnum
12%
LMG VG MG42
12%
LMG CW MG 82
12%
LMG MW PKM
12%
SMG MW PP19 Bizon
12%
Melee MW Riot Shield
12%
Launcher MW RPG-7
12%
Launcher CW RPG-7
12%
Marksman MW SP-R 208
12%
SMG CW TEC-9
12%
SMG VG Type 100
12%
AR VG Automaton
11%
AR CW FARA 83
11%
SMG MW ISO
11%
Melee MW Kali Sticks
11%
Handgun MW Sykov
11%
Sniper VG 3-Line Rifle
10%
Shotgun VG Combat Shotgun
10%
SMG MW CX-9
10%
AR CW EM2
10%
LMG MW FiNN LMG
10%
AR MW FN Scar 17
10%
AR CW Grav
10%
SMG CW Milano 821
10%
Shotgun MW Origin 12
10%
Tactical Rifle CW Type 63
10%
Shotgun MW 725
9%
AR CW C58
9%
Marksman MW Crossbow
9%
Shotgun VG Double Barrel
9%
Sniper MW Dragunov
9%
Marksman MW EBR-14
9%
Launcher MW JOKR
9%
Sniper CW LW3 - Tundra
9%
Sniper CW M82
9%
SMG CW Nail Gun
9%
AR VG NZ-41
9%
LMG CW RPD
9%
LMG CW Stoner 63
9%
SMG MW Striker 45
9%
Sniper VG Type 99
9%
Handgun MW .357
8%
Handgun MW .50 GS
8%
AR VG AS44
8%
AR CW Groza
8%
AR VG Itra Burst
8%
SMG CW LAPA
8%
Marksman VG M1 Garand
8%
LMG MW MG34
8%
Marksman MW MK2 Carbine
8%
Shotgun MW Model 680
8%
Sniper CW Pelington 703
8%
AR CW QBZ-83
8%
Marksman MW SKS
8%
Melee CW Ballistic Knife
7%
Shotgun CW Gallo SA12
7%
Shotgun CW Hauer 77
7%
LMG MW Holger-26
7%
SMG CW KSP 45
7%
LMG CW M60
7%
Shotgun MW R9-0 Shotgun
7%
Sniper MW Rytec AMR
7%
LMG MW SA87
7%
Melee CW Sledgehammer
7%
LMG VG Type 11
7%
AR CW Vargo 52
7%
Sniper CW ZRG 20mm
7%
Handgun CW AMP63
6%
SMG VG Armaguerra 43
6%
LMG VG DP27
6%
Melee CW Hammer and Sickle
6%
Melee VG Katana
6%
SMG VG M1928
6%
LMG MW M91
6%
Handgun CW Marshal
6%
Launcher VG Panzerfaust
6%
Handgun VG RATT
6%
Launcher MW Strela-P
6%
AR VG Volkssturmgewehr
6%
Shotgun CW .410 Ironhide
5%
Melee CW Baseball Bat
5%
Tactical Rifle CW CARV.2
5%
Launcher CW Cigma 2
5%
Melee VG Combat Shield
5%
Shotgun VG Einhorn Revolving
5%
Sniper VG Gorenko Anti-Tank Rifle
5%
Shotgun VG Gracey Auto
5%
AR VG KG M40
5%
Melee CW Mace
5%
Melee CW Machete
5%
Launcher MW PILA
5%
LMG MW RAAL MG
5%
Melee CW Sai
5%
Melee VG Sawtooth
5%
Shotgun MW VLK Rogue
5%
Melee CW Battle Axe
4%
Melee CW Cane
4%
Melee MW Dual Kodachis
4%
Melee CW E-Tool
4%
Marksman VG G-43
4%
Handgun VG Klauser
4%
Launcher VG M1 Bazooka
4%
Launcher CW M79
4%
Handgun VG Machine Pistol
4%
Launcher VG MK11 Launcher
4%
Launcher VG Panzerschreck
4%
Marksman CW R1 Shadowhunter
4%
Marksman VG SVT-40
4%
Handgun VG Top Break
4%
Melee CW Wakizashi
4%
LMG VG Whitley
4%
Melee VG FS Fighting Knife
3%
Launcher MW MGL-32 Grenade Launcher
3%
Melee VG Skal Crusher
3%
No matching quizzes found
Score Distribution
Percent of People with Each Score
Percentile by Number Answered
Your Score History
You have not taken this quiz